|
|
|
|
| LEADER |
00000nam0a2200000 4500 |
| 001 |
139271 |
| 005 |
20231031141701.0 |
| 029 |
1 |
0 |
|a RU
|b 1967-88
|c МИ
|
| 035 |
|
|
|a (RuTPU)RU\TPU\book\150878
|
| 035 |
|
|
|a RU\TPU\book\150868
|
| 090 |
|
|
|a 139271
|
| 100 |
|
|
|a 20080605d1990 k a0rusy50 ca
|
| 101 |
0 |
|
|a rus
|
| 102 |
|
|
|a RU
|
| 105 |
|
|
|a y l 000zy
|
| 200 |
1 |
|
|a Выбор методов и средств измерений при разработке методик выполнения измерений. Общие положения
|a Рекомендация. МИ 1967-89
|f СССР, Государственный комитет по стандартам (Госстандарт)
|
| 205 |
|
|
|a Изд. офиц.
|
| 210 |
|
|
|a Москва
|c Изд-во стандартов
|d 1989
|
| 215 |
|
|
|a 24 с.
|
| 225 |
1 |
|
|a Государственная система обеспечения единства измерений
|
| 229 |
|
|
|a Утверждена ВНИИМС 09.02.89
|
| 610 |
1 |
|
|a МИ
|
| 610 |
1 |
|
|a единство измерений
|
| 610 |
1 |
|
|a методы измерения
|
| 610 |
1 |
|
|a средства измерений
|
| 610 |
1 |
|
|a погрешности
|
| 610 |
1 |
|
|a погрешности измерения
|
| 610 |
1 |
|
|a рекомендации
|
| 675 |
|
|
|a 621(083)
|v 3
|
| 712 |
0 |
1 |
|a СССР
|b Государственный комитет по стандартам (Госстандарт)
|c (1978-1989)
|2 stltpush
|3 (RuTPU)RU\TPU\col\12454
|
| 801 |
|
1 |
|a RU
|b 63413507
|c 20080530
|g PSBO
|
| 801 |
|
2 |
|a RU
|b 63413507
|c 20221207
|g PSBO
|
| 942 |
|
|
|c BK
|